000 00233nam a22000857a 4500
001 1235276
005 20250930120557.0
245 _aEJDERHACA NASIL KONUŞURSUN
_cKORKUNÇ GICIK III. HIÇKIDIK
260 _bGÜNIŞIĞI KİTAPLIĞI YAYINLARI
999 _c1235276
_d1235276